[Event "Arco op 44th"]
[Site "Arco"]
[Date "2022.10.14"]
[Round "7"]
[White "Mircoli, Filippo"]
[Black "Rigo, Gianfrancesco"]
[Result "0-1"]
[WhiteElo "1541"]
[BlackElo "1819"]
[PlyCount "42"]
[EventDate "2022.10.08"]
[EventType "swiss"]
[EventRounds "9"]
[EventCountry "ITA"]
[SourceTitle "CBM 210 Extra"]
[Source "ChessBase"]
[SourceDate "2022.11.30"]
[SourceVersion "1"]
[SourceVersionDate "2022.11.30"]
[SourceQuality "1"]

1. d4 Nf6 2. Nf3 c5 3. c3 e6 4. Bg5 Be7 5. e3 Nc6 6. Bd3 cxd4 7. exd4 d5 8. 0-0 0-0 9. Nbd2 Qc7 10. h3 b6 11. Qc2 h6 12. Bh4 Bb7 13. Rae1 Rac8 14. Ne5 Nxd4 15. Qb1 Nc6 16. f4 Ne4 17. Nxe4 Bxh4 18. Nf2 Bg3 19. Bh7+ Kh8 20. Nxc6 Bxf2+ 21. Rxf2 Qxc6 0-1

[Event "Arco op 41st"]
[Site "Arco"]
[Date "2019.10.12"]
[Round "9"]
[White "Wernet, Andreas"]
[Black "Rigo, Gianfrancesco"]
[Result "0-1"]
[WhiteElo "1990"]
[BlackElo "1845"]
[PlyCount "60"]
[EventDate "2019.10.04"]
[EventType "swiss"]
[EventRounds "9"]
[EventCountry "ITA"]
[SourceTitle "EXT 2021"]
[Source "ChessBase"]
[SourceDate "2020.10.23"]
[SourceVersion "1"]
[SourceVersionDate "2020.10.23"]
[SourceQuality "1"]

1. c4 e5 2. Nc3 Nf6 3. Nf3 Nc6 4. d4 exd4 5. Nxd4 Bb4 6. Nxc6 bxc6 7. Bg5 h6 8. Bh4 Qe7 9. a3 Bxc3+ 10. bxc3 Qe5 11. Qd4 Qe6 12. e3 d6 13. Bxf6 c5 14. Qd5 Qxf6 15. Rc1 Rb8 16. Qc6+ Kd8 17. Be2 Bb7 18. Qb5 Ke7 19. Qa5 Rhe8 20. 0-0 Kf8 21. Rfd1 Qg5 22. Bf1 Bf3 23. Rd2 Re7 24. Re1 Rd8 25. Qxa7 Ra8 26. Qxa8+ Bxa8 27. Rb2 Bc6 28. g3 Qe5 29. Bg2 Bxg2 30. Kxg2 Qxc3 0-1

[Event "Arco op 41st"]
[Site "Arco"]
[Date "2019.10.10"]
[Round "7"]
[White "Bergero, Simone"]
[Black "Rigo, Gianfrancesco"]
[Result "1-0"]
[WhiteElo "1984"]
[BlackElo "1845"]
[PlyCount "55"]
[EventDate "2019.10.04"]
[EventType "swiss"]
[EventRounds "9"]
[EventCountry "ITA"]
[SourceTitle "EXT 2020"]
[Source "ChessBase"]
[SourceDate "2019.10.17"]
[SourceVersion "1"]
[SourceVersionDate "2019.10.17"]
[SourceQuality "1"]

1. d4 d5 2. e4 dxe4 3. f3 e5 4. d5 Bc5 5. Nc3 Bxg1 6. Rxg1 Qh4+ 7. g3 Qxh2 8. Rg2 Qh5 9. Nxe4 f5 10. Nc3 Nf6 11. Be3 0-0 12. Bc4 Na6 13. Qe2 e4 14. fxe4 Qxe2+ 15. Kxe2 fxe4 16. d6+ Kh8 17. Bxa6 bxa6 18. dxc7 Bg4+ 19. Ke1 Rac8 20. Bf4 Bf3 21. Rd2 h6 22. a4 g5 23. Bd6 Rfe8 24. Ra3 Re6 25. Rb3 Ne8 26. Rb8 Nxd6 27. Rxd6 Rxd6 28. Rxc8+ 1-0

[Event "Padova del Santo op-A 6th"]
[Site "Padova"]
[Date "2019.02.17"]
[Round "4.6"]
[White "Pleininger, Rudolf"]
[Black "Rigo, Gianfrancesco"]
[Result "0-1"]
[WhiteElo "1947"]
[BlackElo "1908"]
[PlyCount "74"]
[EventDate "2019.02.15"]
[EventType "swiss"]
[EventRounds "5"]
[EventCountry "ITA"]
[SourceTitle "EXT 2024"]
[Source "ChessBase"]
[SourceDate "2023.10.10"]
[SourceVersion "1"]
[SourceVersionDate "2023.10.10"]
[SourceQuality "1"]

1. e4 e5 2. Nf3 Nc6 3. d4 exd4 4. Bc4 Nf6 5. e5 Ne4 6. Bd5 Nc5 7. Bxc6 dxc6 8. Bg5 Qd5 9. Qxd4 Ne6 10. Qxd5 cxd5 11. 0-0 Bc5 12. Nc3 c6 13. Bh4 0-0 14. Na4 Bb4 15. a3 Ba5 16. b4 Bc7 17. Rad1 Re8 18. Rfe1 b5 19. Nb2 a5 20. Ra1 Bb7 21. Nd3 Bb6 22. c3 d4 23. cxd4 Nxd4 24. Nxd4 Bxd4 25. Rac1 axb4 26. axb4 h6 27. Kf1 Ra3 28. Rcd1 Bc8 29. f4 Bg4 30. Nc5 Bxd1 31. Rxd1 Bxc5 32. bxc5 g5 33. fxg5 hxg5 34. Bxg5 Rxe5 35. Bf4 Rxc5 36. h4 Rf5 37. Rd4 Ra4 0-1

[Event "Padova del Santo op-A 6th"]
[Site "Padova"]
[Date "2019.02.15"]
[Round "1.8"]
[White "Sforza, Michelangelo"]
[Black "Rigo, Gianfrancesco"]
[Result "1/2-1/2"]
[WhiteElo "1811"]
[BlackElo "1908"]
[PlyCount "41"]
[EventDate "2019.02.15"]
[EventType "swiss"]
[EventRounds "5"]
[EventCountry "ITA"]
[SourceTitle "EXT 2024"]
[Source "ChessBase"]
[SourceDate "2023.10.10"]
[SourceVersion "1"]
[SourceVersionDate "2023.10.10"]
[SourceQuality "1"]

1. e4 e5 2. Nf3 Nc6 3. Bc4 Nf6 4. d3 Bc5 5. Nc3 d6 6. Be3 Bb6 7. Qd2 Na5 8. Bb3 Nxb3 9. axb3 Bg4 10. h3 Bxf3 11. gxf3 Bxe3 12. fxe3 Nh5 13. 0-0-0 c6 14. d4 Qe7 15. dxe5 dxe5 16. Rhg1 0-0 17. Qd7 Qc5 18. Qg4 Qxe3+ 19. Kb1 Qh6 20. Qg5 Qxg5 21. Rxg5 1/2-1/2

[Event "Arco op 40th"]
[Site "Arco"]
[Date "2018.10.13"]
[Round "1"]
[White "Coqueraut, Lodewyk"]
[Black "Rigo, Gianfrancesco"]
[Result "1/2-1/2"]
[WhiteElo "1607"]
[BlackElo "1958"]
[PlyCount "57"]
[EventDate "2018.10.13"]
[EventType "swiss"]
[EventRounds "9"]
[EventCountry "ITA"]
[SourceTitle "CBM 186 Extra"]
[Source "ChessBase"]
[SourceDate "2018.08.24"]
[SourceVersion "1"]
[SourceVersionDate "2018.08.24"]
[SourceQuality "1"]

1. Nf3 b6 2. g3 Bb7 3. Bg2 Nf6 4. d4 e6 5. 0-0 Be7 6. c4 0-0 7. Nc3 d6 8. Re1 c5 9. e3 Nbd7 10. b3 Rc8 11. Bb2 Qc7 12. Rc1 Qb8 13. Ne2 Qa8 14. Nf4 Rfd8 15. Qe2 Qb8 16. h4 e5 17. dxe5 dxe5 18. Nxe5 Bxg2 19. Nxd7 Rxd7 20. Kxg2 Rcd8 21. Bxf6 Rd2 22. Qh5 Bxf6 23. Nd5 Qe5 24. Qxe5 Bxe5 25. a4 Rf8 26. Red1 Rb2 27. Rd3 f6 28. Rcd1 Re8 29. R1d2 1/2-1/2

[Event "Celerina op 12th"]
[Site "Celerina"]
[Date "2018.05.20"]
[Round "3"]
[White "Rigo, Gianfrancesco"]
[Black "Everett, Elijah David"]
[Result "0-1"]
[WhiteElo "1986"]
[BlackElo "2180"]
[PlyCount "62"]
[EventDate "2018.05.19"]
[EventType "swiss"]
[EventRounds "5"]
[EventCountry "SUI"]
[SourceTitle "CBM 184 Extra"]
[Source "ChessBase"]
[SourceDate "2018.06.28"]
[SourceVersion "1"]
[SourceVersionDate "2018.06.28"]
[SourceQuality "1"]

1. e4 c5 2. Nf3 Nf6 3. e5 Nd5 4. Nc3 e6 5. Nxd5 exd5 6. d4 Nc6 7. dxc5 Bxc5 8. Qxd5 d6 9. exd6 Qb6 10. Bc4 Bxf2+ 11. Kd1 0-0 12. Qe4 g6 13. Qf4 Bf5 14. g4 Be6 15. Rf1 Rad8 16. Rxf2 Qxf2 17. Be3 Rxd6+ 18. Kc1 Rfd8 19. b3 Qg2 20. Bxe6 Rxe6 21. Ng5 Re7 22. Bc5 Re1+ 23. Kb2 Ne5 24. Qf6 Rd2 25. Bb4 Rxa1 26. Bxd2 Qxd2 27. Qxe5 Qc1+ 28. Kc3 Qe1+ 29. Kd4 Qxe5+ 30. Kxe5 Rxa2 31. c4 Rxh2 0-1

[Event "Celerina op 12th"]
[Site "Celerina"]
[Date "2018.05.19"]
[Round "1"]
[White "Frei, Jan"]
[Black "Rigo, Gianfrancesco"]
[Result "0-1"]
[WhiteElo "1711"]
[BlackElo "1986"]
[PlyCount "122"]
[EventDate "2018.05.19"]
[EventType "swiss"]
[EventRounds "5"]
[EventCountry "SUI"]
[SourceTitle "CBM 184 Extra"]
[Source "ChessBase"]
[SourceDate "2018.06.28"]
[SourceVersion "1"]
[SourceVersionDate "2018.06.28"]
[SourceQuality "1"]

1. e4 c5 2. Nc3 g6 3. f4 Bg7 4. Nf3 Nc6 5. Bb5 Nd4 6. a4 e6 7. 0-0 Ne7 8. Be2 d6 9. Nb5 a6 10. Nbxd4 cxd4 11. d3 0-0 12. Qe1 Qc7 13. Bd1 Nc6 14. f5 exf5 15. Qh4 Qe7 16. Bg5 f6 17. Bh6 g5 18. Qh5 Qf7 19. Qxf7+ Rxf7 20. Bxg7 Rxg7 21. exf5 Bxf5 22. Nd2 Bg6 23. Rxf6 Re7 24. Bf3 Nb4 25. Rxd6 Nxc2 26. Rc1 Bxd3 27. Bd5+ Kg7 28. Bb3 Rf8 29. Bxc2 Bxc2 30. Rxd4 Bg6 31. Nf3 h6 32. Rcd1 Re2 33. Rd7+ Rf7 34. Rxf7+ Bxf7 35. Rd7 g4 36. Nd4 Rxb2 37. Nf5+ Kg6 38. Nxh6 Be8 39. Rd6+ Kg5 40. h4+ Kxh4 41. Rd4 Bc6 42. Nf5+ Kh5 43. Ne3 Re2 44. Nd5 Kg5 45. Nf4 Ra2 46. Ne6+ Kh4 47. Nf4 Rxa4 48. Ng6+ Kg5 49. Rxa4 Bxa4 50. Ne5 Kf5 51. Nd3 Bc6 52. g3 a5 53. Kf2 b5 54. Ke3 Be4 55. Nc5 Bb1 56. Kd4 a4 57. Kc3 Ba2 58. Kb4 Bc4 59. Kc3 a3 60. Nb3 Bxb3 61. Kxb3 b4 0-1

[Event "Melegnano op 13th"]
[Site "Melegnano"]
[Date "2014.02.28"]
[Round "1"]
[White "Rigo, Gianfrancesco"]
[Black "Gromovs, Sergejs"]
[Result "0-1"]
[WhiteElo "2013"]
[BlackElo "2181"]
[PlyCount "52"]
[EventDate "2014.02.28"]
[EventType "swiss"]
[EventRounds "5"]
[EventCountry "ITA"]
[SourceTitle "EXT 2015"]
[Source "ChessBase"]
[SourceDate "2014.11.20"]
[SourceVersion "1"]
[SourceVersionDate "2014.11.20"]
[SourceQuality "1"]

1. e4 c5 2. Nc3 Nc6 3. f4 e6 4. Nf3 d5 5. Bb5 d4 6. Ne2 Bd7 7. c3 a6 8. Bd3 Nf6 9. 0-0 b5 10. cxd4 cxd4 11. Kh1 Qb6 12. a3 b4 13. Ng3 h5 14. Ne5 Nxe5 15. fxe5 Ng4 16. Nxh5 Nxe5 17. Be2 d3 18. Bg4 b3 19. Bh3 Rc8 20. Nf4 Rc4 21. Re1 Bc5 22. Nh5 Bc6 23. Ng3 Bf2 24. Rf1 Bxg3 25. hxg3 g5 26. g4 Rxe4 0-1

[Event "Gabicce Mare op 1st"]
[Site "Gabicce Mare"]
[Date "2013.12.05"]
[Round "7"]
[White "Ferraguti, Francesco"]
[Black "Rigo, Gianfrancesco"]
[Result "1/2-1/2"]
[WhiteElo "1925"]
[BlackElo "2022"]
[PlyCount "155"]
[EventDate "2013.01.02"]
[EventType "swiss"]
[EventRounds "9"]
[EventCountry "ITA"]
[SourceTitle "EXT 2015"]
[Source "ChessBase"]
[SourceDate "2014.11.20"]
[SourceVersion "1"]
[SourceVersionDate "2014.11.20"]
[SourceQuality "1"]

1. d4 Nf6 2. c4 e6 3. Nf3 Bb4+ 4. Bd2 Qe7 5. Nc3 b6 6. e3 Bb7 7. Bd3 0-0 8. 0-0 Bxc3 9. Bxc3 d6 10. Nd2 Nbd7 11. f3 e5 12. e4 Nh5 13. Bc2 Nf4 14. g3 Ng6 15. d5 Qg5 16. Nb3 a5 17. Bd2 Qe7 18. f4 a4 19. Nc1 exf4 20. gxf4 Nc5 21. Qf3 f5 22. exf5 Nh4 23. Qg4 Bc8 24. Re1 Qd8 25. Bc3 g6 26. b4 axb3 27. axb3 Rxa1 28. Bxa1 Bxf5 29. Bxf5 Nxf5 30. b4 Re8 31. Qd1 Nd7 32. Rxe8+ Qxe8 33. Qe2 Qe3+ 34. Qxe3 Nxe3 35. Kf2 Nxc4 36. Ne2 Kf7 37. Nd4 Nf6 38. Ke2 Nxd5 39. Kd3 b5 40. Nxb5 Ncb6 41. Ke4 Ke7 42. Bd4 Kd7 43. Bxb6 Nxb6 44. Nc3 Ke6 45. Nb5 d5+ 46. Kd4 c6 47. Nc3 Kd6 48. Nd1 Nc4 49. Nf2 Nd2 50. h3 Nf3+ 51. Ke3 Ne1 52. Kd4 Nc2+ 53. Kc3 Ne3 54. Kd4 Nf5+ 55. Kd3 h6 56. Ng4 h5 57. Nf6 Ng7 58. Nh7 Ne6 59. Ke3 c5 60. bxc5+ Kxc5 61. Nf6 d4+ 62. Ke4 Kc4 63. f5 Nc5+ 64. Kf3 gxf5 65. Nxh5 Ne6 66. Ng3 Ng5+ 67. Kf4 Nxh3+ 68. Kxf5 d3 69. Ne4 Kd4 70. Nd2 Ke3 71. Nf1+ Ke2 72. Ng3+ Ke1 73. Ne4 Nf2 74. Nc3 Kd2 75. Nd5 Kd1 76. Kf4 d2 77. Ke3 Kc2 78. Kxf2 1/2-1/2

[Event "Gabicce Mare op 1st"]
[Site "Gabicce Mare"]
[Date "2013.01.06"]
[Round "8"]
[White "Rigo, Gianfrancesco"]
[Black "Tazzioli, Luca"]
[Result "1-0"]
[WhiteElo "2022"]
[BlackElo "1933"]
[PlyCount "129"]
[EventDate "2013.01.02"]
[EventType "swiss"]
[EventRounds "9"]
[EventCountry "ITA"]
[SourceTitle "EXT 2015"]
[Source "ChessBase"]
[SourceDate "2014.11.20"]
[SourceVersion "1"]
[SourceVersionDate "2014.11.20"]
[SourceQuality "1"]

1. e4 d5 2. exd5 Qxd5 3. Nc3 Qa5 4. d4 Nf6 5. Nf3 c6 6. Bc4 Bf5 7. 0-0 e6 8. Bb3 Bd6 9. Re1 Qc7 10. Bg5 Nbd7 11. h3 h6 12. Bxf6 Nxf6 13. Ne5 0-0-0 14. Qf3 Rdg8 15. Nxf7 Qxf7 16. Qxf5 exf5 17. Bxf7 Rd8 18. Be6+ Kc7 19. Bxf5 Bb4 20. a3 Bd6 21. Rad1 Rhe8 22. Bg6 Rxe1+ 23. Rxe1 Bf8 24. Rd1 Nd5 25. Nxd5+ Rxd5 26. Be4 Rb5 27. b4 a5 28. c4 Rh5 29. Bf3 Rf5 30. Bg4 Rf4 31. g3 Re4 32. Bf3 Re8 33. c5 axb4 34. axb4 Ra8 35. d5 cxd5 36. Rxd5 Be7 37. b5 b6 38. c6 Rd8 39. Rf5 Rf8 40. Rd5 Rd8 41. Re5 Bf6 42. Rf5 Rf8 43. Kg2 Be7 44. Rd5 Rd8 45. Re5 Bd6 46. Re4 Ra8 47. Re6 Rd8 48. Be2 Rf8 49. f4 Rf7 50. Bc4 Re7 51. Rg6 Bc5 52. Be6 Bd4 53. f5 Re8 54. Rg4 Bc3 55. Ra4 Ba5 56. Rd4 Rd8 57. Bd7 Bc3 58. Re4 Rf8 59. Ra4 Ba5 60. Kf3 Rf6 61. Be6 Rf8 62. Ke4 Rd8 63. Bd7 Rf8 64. Kd5 Kd8 65. Kd6 1-0

[Event "Gabicce Mare op 1st"]
[Site "Gabicce Mare"]
[Date "2013.01.03"]
[Round "3"]
[White "Rigo, Gianfrancesco"]
[Black "Calavalle, Giulio"]
[Result "0-1"]
[WhiteElo "2022"]
[BlackElo "2199"]
[PlyCount "108"]
[EventDate "2013.01.02"]
[EventType "swiss"]
[EventRounds "9"]
[EventCountry "ITA"]
[SourceTitle "EXT 2015"]
[Source "ChessBase"]
[SourceDate "2014.11.20"]
[SourceVersion "1"]
[SourceVersionDate "2014.11.20"]
[SourceQuality "1"]

1. e4 c5 2. Nc3 d6 3. f4 g6 4. Nf3 Bg7 5. Bc4 Nc6 6. 0-0 e6 7. d3 Nge7 8. f5 gxf5 9. Ng5 h6 10. Nxf7 Kxf7 11. exf5 Nxf5 12. Rxf5+ Kg8 13. Qh5 Qe7 14. Bd2 Bd7 15. Re1 Ne5 16. Rff1 Nxc4 17. dxc4 Rf8 18. Qg6 Rf6 19. Qg3 Rxf1+ 20. Rxf1 Bc6 21. Ne2 e5 22. Qg6 Be8 23. Qe4 Bc6 24. Qg6 Be8 25. Qe4 Bf6 26. Ng3 Bg5 27. Nf5 Qe6 28. Qg4 Kh7 29. h4 Bf6 30. Bxh6 Rg8 31. Bg5 e4 32. Qf4 Be5 33. Qd2 Rf8 34. g4 Bg6 35. Qd5 Bxf5 36. gxf5 Qxd5 37. cxd5 Bxb2 38. Be7 Bd4+ 39. Kg2 Rg8+ 40. Kh3 Be5 41. Bg5 Re8 42. Re1 Bd4 43. Kg4 b5 44. f6 Kg6 45. h5+ Kf7 46. Kf5 Re5+ 47. Kf4 e3 48. Kg4 e2 49. Bf4 Bc3 50. Bxe5 Bxe1 51. h6 Bd2 52. h7 e1Q 53. h8Q Qe4+ 54. Kh5 Qh1+ 0-1

[Event "Civitanova Marche op"]
[Site "Civitanova Marche"]
[Date "2011.07.29"]
[Round "6"]
[White "Boraso, Alessio"]
[Black "Rigo, Gianfrancesco"]
[Result "1-0"]
[WhiteElo "1925"]
[BlackElo "2011"]
[PlyCount "83"]
[EventDate "2011.07.24"]
[EventType "swiss"]
[EventRounds "7"]
[EventCountry "ITA"]
[SourceTitle "EXT 2014"]
[Source "ChessBase"]
[SourceDate "2013.11.20"]
[SourceVersion "1"]
[SourceVersionDate "2013.11.20"]
[SourceQuality "1"]

1. d4 Nf6 2. c4 e6 3. Nc3 Bb4 4. e3 b6 5. Bd3 Bb7 6. f3 c5 7. a3 Bxc3+ 8. bxc3 d5 9. cxd5 Nxd5 10. Ne2 Nd7 11. 0-0 h6 12. Qe1 Qc7 13. Ng3 cxd4 14. cxd4 Rc8 15. Bd2 0-0 16. e4 Nf4 17. Bxf4 Qxf4 18. Qf2 Rc3 19. Ne2 Qc7 20. Nxc3 Qxc3 21. Rfd1 Nf6 22. Qe3 Rd8 23. Rac1 Qa5 24. Rc7 Rd7 25. Rdc1 Qxa3 26. e5 Rxc7 27. Bh7+ Kxh7 28. Qxa3 Rxc1+ 29. Qxc1 Nd5 30. Qc2+ Kg8 31. Qa4 a5 32. Qe8+ Kh7 33. Qxf7 Bc8 34. Qe8 Ba6 35. Qxe6 Bc4 36. Qf5+ g6 37. Qf7+ Kh8 38. e6 b5 39. e7 Nxe7 40. Qxe7 b4 41. d5 b3 42. d6 1-0

[Event "San Bernardino op 1st"]
[Site "San Bernardino"]
[Date "2011.06.30"]
[Round "2.5"]
[White "Lipecki, Alexander"]
[Black "Rigo, Gianfrancesco"]
[Result "1/2-1/2"]
[WhiteElo "2129"]
[BlackElo "2011"]
[PlyCount "114"]
[EventDate "2011.06.29"]
[EventType "swiss"]
[EventRounds "5"]
[EventCountry "SUI"]
[SourceTitle "EXT 2012"]
[Source "ChessBase"]
[SourceDate "2011.11.24"]
[SourceVersion "1"]
[SourceVersionDate "2011.11.24"]
[SourceQuality "1"]

1. e4 c5 2. Nc3 g6 3. f4 Bg7 4. Nf3 Nc6 5. Bb5 Nd4 6. Nxd4 cxd4 7. Ne2 Nf6 8. Ng3 Qb6 9. Bd3 d6 10. Qf3 Bd7 11. 0-0 Bc6 12. b3 h5 13. Bb2 h4 14. Ne2 Nxe4 15. Bxe4 d3+ 16. Kh1 Bxb2 17. Qxd3 Bxa1 18. Rxa1 h3 19. g3 e5 20. Nc3 f5 21. Bxc6+ Qxc6+ 22. Nd5 0-0-0 23. c4 exf4 24. gxf4 Rde8 25. a4 Re4 26. Qxe4 fxe4 27. Ne7+ Kd7 28. Nxc6 bxc6 29. Rg1 Rf8 30. Rg4 Rf6 31. Kg1 Ke6 32. Kf2 d5 33. Ke3 Kd6 34. cxd5 cxd5 35. Kd4 Kc6 36. b4 a6 37. b5+ axb5 38. axb5+ Kc7 39. Kc5 Rd6 40. Rh4 Rd7 41. Rxh3 d4 42. Rg3 d3 43. Re3 Rh7 44. h3 Rh4 45. Rxe4 Rxh3 46. Rd4 Rh5+ 47. Rd5 Rh4 48. b6+ Kc8 49. Kc6 Rh7 50. Rxd3 Rf7 51. b7+ Rxb7 52. Rd8+ Kxd8 53. Kxb7 Kd7 54. Kb8 Ke6 55. Kc7 Kf5 56. d4 Ke4 57. Kd6 Kxd4 1/2-1/2

[Event "Amantea op-A 6th"]
[Site "Amantea"]
[Date "2008.09.03"]
[Round "4"]
[White "Rigo, Gianfrancesco"]
[Black "Gad, Ahmad"]
[Result "0-1"]
[WhiteElo "2016"]
[BlackElo "1957"]
[PlyCount "82"]
[EventDate "2008.08.31"]
[EventType "swiss"]
[EventRounds "9"]
[EventCountry "ITA"]
[SourceTitle "CBM 126 Extra"]
[Source "ChessBase"]
[SourceDate "2008.11.05"]
[SourceVersion "1"]
[SourceVersionDate "2008.11.05"]
[SourceQuality "1"]

1. e4 c5 2. Nf3 d6 3. d4 cxd4 4. Nxd4 Nf6 5. Nc3 g6 6. Be3 Bg7 7. f3 0-0 8. Qd2 Nc6 9. Bc4 Bd7 10. 0-0-0 Rc8 11. Bb3 Ne5 12. h4 h5 13. Bg5 Rc5 14. g4 hxg4 15. f4 Nc4 16. Qd3 b5 17. e5 dxe5 18. Ndxb5 Qc8 19. Nxa7 Qc7 20. Bxf6 Bf5 21. Nd5 Bxf6 22. Nxc7 Bxd3 23. Na6 Ra5 24. Rxd3 Nd6 25. Nc6 Rxa6 26. Nxe5 Bxe5 27. fxe5 Nf5 28. h5 Kg7 29. hxg6 Rxg6 30. Bd5 e6 31. Be4 Rh8 32. Rg1 Rh2 33. a4 Re2 34. Bxf5 exf5 35. Rd5 f4 36. Kd1 f3 37. a5 Rg2 38. Rf1 Re2 39. Rg1 g3 40. a6 Rg2 41. Rf1 Rxa6 0-1

[Event "Conegliano op"]
[Site "Conegliano"]
[Date "2008.06.01"]
[Round "2"]
[White "Mileto, Gabriele"]
[Black "Rigo, Gianfrancesco"]
[Result "1-0"]
[WhiteElo "2165"]
[BlackElo "2023"]
[PlyCount "87"]
[EventDate "2008.05.31"]
[EventType "swiss"]
[EventRounds "6"]
[EventCountry "ITA"]
[SourceTitle "CBM 124 Extra"]
[Source "ChessBase"]
[SourceDate "2008.07.03"]
[SourceVersion "1"]
[SourceVersionDate "2008.07.03"]
[SourceQuality "1"]

1. e4 c5 2. Nf3 g6 3. d4 cxd4 4. Nxd4 Nc6 5. Nc3 Bg7 6. Be3 Nf6 7. Bc4 0-0 8. Bb3 a5 9. 0-0 a4 10. Nxa4 Nxe4 11. Nb5 Rxa4 12. Bxa4 Bxb2 13. Rb1 Bg7 14. c4 Qa5 15. Bc2 Nc3 16. Nxc3 Qxc3 17. c5 Nd4 18. Be4 Qxc5 19. Bxb7 Bxb7 20. Rxb7 Qc6 21. Ra7 e5 22. Bxd4 exd4 23. Qa4 Rc8 24. Rd1 h6 25. g3 Rd8 26. Qxc6 dxc6 27. Rc7 Ra8 28. Rd2 Ra6 29. Rc2 Bf8 30. R7xc6 Ra4 31. Rc8 Kg7 32. R8c4 Ra3 33. Rxd4 Rf3 34. Kg2 Rf5 35. a4 Bc5 36. Rdc4 Bb6 37. Rc6 Bd4 38. Rd2 Ba7 39. Ra6 Bc5 40. Ra5 Bb4 41. Rxf5 Bxd2 42. Rb5 Bc3 43. a5 Bd4 44. a6 1-0

[Event "Conegliano op"]
[Site "Conegliano"]
[Date "2008.06.01"]
[Round "3"]
[White "Rigo, Gianfrancesco"]
[Black "Pelosin, Matteo"]
[Result "1-0"]
[WhiteElo "2023"]
[BlackElo "1932"]
[PlyCount "119"]
[EventDate "2008.05.31"]
[EventType "swiss"]
[EventRounds "6"]
[EventCountry "ITA"]
[SourceTitle "CBM 124 Extra"]
[Source "ChessBase"]
[SourceDate "2008.07.03"]
[SourceVersion "1"]
[SourceVersionDate "2008.07.03"]
[SourceQuality "1"]

1. e4 e6 2. d4 d5 3. Nc3 Nf6 4. Bg5 Bb4 5. exd5 exd5 6. Qd3 Be6 7. Nge2 Nbd7 8. 0-0-0 0-0 9. h3 c5 10. a3 cxd4 11. Nxd4 Be7 12. Nf5 Bxf5 13. Qxf5 Rc8 14. Nxd5 Nxd5 15. Rxd5 Bxg5+ 16. Qxg5 Qc7 17. Bd3 Nb6 18. Rd4 Rfd8 19. Rxd8+ Rxd8 20. Re1 Nc8 21. Qf5 g6 22. Qf6 Rf8 23. Re4 a6 24. f4 Qc5 25. Qd4 Qc6 26. Re2 Nd6 27. Qf6 Re8 28. Re5 Qd7 29. Kb1 Rxe5 30. fxe5 Ne8 31. Qg5 Ng7 32. h4 Qc7 33. g4 Ne6 34. Qf6 Nc5 35. h5 gxh5 36. gxh5 Nxd3 37. h6 Kf8 38. cxd3 Qa5 39. Qd6+ Ke8 40. d4 Qb5 41. Qc7 Qd3+ 42. Qc2 Qxd4 43. Qxh7 Qd1+ 44. Ka2 Qd5+ 45. Ka1 Qh1+ 46. Ka2 Qd5+ 47. b3 Qg2+ 48. Kb1 Qg1+ 49. Kc2 Qh2+ 50. Kd3 Qh3+ 51. Ke4 Qh4+ 52. Ke3 Qg3+ 53. Kd4 Qf4+ 54. Qe4 Qxh6 55. Qxb7 Qf4+ 56. Qe4 Qd2+ 57. Kc4 Qc1+ 58. Kb4 Qc8 59. Qd5 Qb8+ 60. Ka5 1-0

[Event "Noale Szabados Memorial-A 1st"]
[Site "Noale"]
[Date "2008.02.09"]
[Round "2"]
[White "Rigo, Gianfrancesco"]
[Black "Dussin, Davide"]
[Result "1-0"]
[WhiteElo "2031"]
[BlackElo "1899"]
[PlyCount "121"]
[EventDate "2008.02.08"]
[EventType "swiss"]
[EventRounds "5"]
[EventCountry "ITA"]
[SourceTitle "EXT 2022"]
[Source "ChessBase"]
[SourceDate "2021.10.06"]
[SourceVersion "1"]
[SourceVersionDate "2021.10.06"]
[SourceQuality "1"]

1. e4 c6 2. d4 d5 3. exd5 cxd5 4. Bd3 Nc6 5. c3 Nf6 6. Bf4 Bg4 7. Qb3 Qb6 8. Qxb6 axb6 9. Nd2 e6 10. Ngf3 Be7 11. 0-0 0-0 12. Rfe1 Rac8 13. h3 Bh5 14. g4 Bg6 15. Bxg6 hxg6 16. Ne5 Rfd8 17. Ndf3 Ne4 18. Re2 b5 19. a3 Na5 20. Nd2 Nxd2 21. Bxd2 Nb3 22. Rd1 Nxd2 23. Rdxd2 Bg5 24. Rd1 Bf4 25. Nd3 Bd6 26. Kg2 Bxa3 27. bxa3 Rxc3 28. Ne5 Ra8 29. Re3 Raxa3 30. Rxc3 Rxc3 31. Rb1 f6 32. Nf3 Rc6 33. Rxb5 b6 34. Rb3 Kf7 35. g5 Ke7 36. Kg3 Kd6 37. Kf4 Ke7 38. h4 Kd6 39. Rb4 Ke7 40. Ne1 Rc1 41. Nf3 Rc6 42. Nd2 Kd6 43. Nf3 Ke7 44. Rb2 Kd6 45. Ra2 b5 46. Rb2 Rb6 47. Rb4 Ke7 48. Nh2 Kd6 49. Ng4 Ke7 50. Ke3 Kf7 51. f4 Ke7 52. Nf2 Kd6 53. Nd3 Rb8 54. Kf3 Ke7 55. Kg3 Kd7 56. Rb1 Kd6 57. Rb3 Rb6 58. Kg4 Ke7 59. Nc5 b4 60. Nd3 Kd6 61. Rxb4 1-0

[Event "Erba op-A 1st"]
[Site "Erba"]
[Date "2007.02.25"]
[Round "4"]
[White "Salvador, Roland"]
[Black "Rigo, Gianfrancesco"]
[Result "1-0"]
[WhiteElo "2450"]
[BlackElo "2055"]
[PlyCount "57"]
[EventDate "2007.02.23"]
[EventType "swiss"]
[EventRounds "5"]
[EventCountry "ITA"]
[SourceTitle "EXT 2010"]
[Source "ChessBase"]
[SourceDate "2010.11.25"]
[SourceVersion "1"]
[SourceVersionDate "2010.11.25"]
[SourceQuality "1"]

1. d4 Nf6 2. Nf3 e6 3. c4 Bb4+ 4. Bd2 Qe7 5. Nc3 b6 6. g3 Bb7 7. Bg2 0-0 8. 0-0 Bxc3 9. Bxc3 d6 10. Qc2 Be4 11. Qa4 Bc6 12. Qa3 Re8 13. Rac1 Ne4 14. Rfd1 Nxc3 15. Rxc3 Nd7 16. Re3 Qf8 17. d5 exd5 18. cxd5 Rxe3 19. Qxe3 Bb7 20. Qc3 Nf6 21. Nh4 Qc8 22. e4 Qd7 23. Rc1 Rc8 24. Nf5 Kf8 25. Bh3 Qa4 26. Nxd6 Nxe4 27. Nxe4 Qxe4 28. Bxc8 Bxd5 29. f3 1-0